Lie algebras and locally compact groups /
Guardado en:
| Autor Principal: | |
|---|---|
| Formato: | Libro |
| Idioma: | English |
| Publicado: |
Chicago :
University of Chicago Press,
1971.
|
| Series: | Chicago lectures in mathematics
|
| Etiquetas: |
Agregar Etiqueta
Sin Etiquetas, Sea el primero en etiquetar este registro!
|
| LEADER | 00638nam a22001935 4500 | ||
|---|---|---|---|
| 001 | MAT.inmabb002008 | ||
| 008 | 710525s1971####ilu######b####001#0#eng#d | ||
| 005 | 20170808185556.0 | ||
| 245 | 1 | 0 | |a Lie algebras and locally compact groups / |c Irving Kaplansky. |
| 260 | |a Chicago : |b University of Chicago Press, |c 1971. | ||
| 300 | |a xi, 148 p. ; |c 21 cm. | ||
| 440 | 0 | |a Chicago lectures in mathematics | |
| 504 | |a Bibliografía: p. 143-145. | ||
| 510 | 4 | |a MR, |c 43 #2145 | |
| 020 | |a 0226424537 | ||
| 100 | 1 | |a Kaplansky, Irving, |d 1917-2006. | |
| 084 | |a 22E05 (17Bxx 22D05 22E60) |2 msc2000 | ||
| 010 | |a 76136207 | ||
| 859 | |h 22 |i K17 |p A-3652 |b BIB. MATEMATICA | ||
